01016nam a2200169Ia 4500001001300000003001000013008004100023040002500064041000700089100002100096245003100117250001100148260004900159300001200208500058700220650003900807b5775-38994 IT-MiCISF161014s9999||||xx |||||||||||||| ||und|| aIT-MiCISFcIT-MiCISF ait aJellouschek Hans 0aL'arte di vivere in coppia a1a ed. a RomabMagic2003 [Edizione originale: 1992] app. 109 a / coppia, amore, relazione-di-coppia, sessualità / L'A. scrive in questo libro di aver smontato pezzo per pezzo l'ideale neoromantico dell'amore. All'amore come esperienza amorosa ha contrapposto una via comune di "esercizio"; al desiderio di una simbiosi protratta nel tempo la necessità di stabilire dei limiti e di mantenere una giusta distanza, all'amore come autorealizzazione egoistica la capacità di abbandonarsi all'altro. Un quadro più complesso di quello fiabesco prospettato dall'amore romantico, ma chi l'ha sperimentato sa che non è certo meno affascinante. a Relazione di coppia / coppiae002